Statistics for Commercial Flights Departing from Manchester Airport

Click here to take the quiz!

General Stats

  • This quiz has been taken 207 times
  • The average score is 185 of 297

Answer Stats

Flight NumberAirlineAircraftTime (BST)Destination% Correct
BA1385British AirwaysAirbus A319-13107:05London
95%
BA1407British AirwaysAirbus A320-251N20:00London
95%
BA1399British AirwaysAirbus A319-13115:50London
95%
BA1391British AirwaysAirbus A319-13112:10London
95%
BA1389British AirwaysAirbus A319-13109:45London
95%
BA1387British AirwaysAirbus A320-23208:40London
95%
KL1076KLMEmbraer ERJ190STD13:45Amsterdam
94%
BE1275FlybeDe Havilland Canada Dash 8 Q40014:40Amsterdam
94%
U21833easyJetAirbus A320-251N14:45Amsterdam
94%
KL1080KLMBoeing 737-7K217:30Amsterdam
94%
KL1072KLMBoeing 737-7K209:00Amsterdam
94%
BE1279FlybeEmbraer ERJ-195LR17:50Amsterdam
94%
U21831easyJetAirbus A320-251N07:05Amsterdam
94%
U21835easyJetAirbus A320-251N19:00Amsterdam
94%
KL1082KLMEmbraer ERJ-175STD19:35Amsterdam
94%
KL1070KLMBoeing 737-8K205:55Amsterdam
94%
KL1074KLMBoeing 737-7K211:10Amsterdam
94%
BE1271FlybeEmbraer ERJ-175STD07:15Amsterdam
94%
VS127Virgin AtlanticBoeing 747-4Q813:50New York
94%
UA80United AirlinesBoeing 767-424(ER)09:00New York
94%
U21845easyJetAirbus A320-21406:00Barcelona
92%
FR7544RyanairBoeing 737-8AS18:10Barcelona
92%
LS803Jet2Boeing 737-86N08:00Barcelona
92%
VY8749VuelingAirbus A320-271N19:40Barcelona
92%
VY8751VuelingAirbus A320-21412:45Barcelona
92%
FR7542RyanairBoeing 737-8AS06:25Barcelona
92%
FR559RyanairBoeing 737-8AS22:00Dublin
92%
FR555RyanairBoeing 737-8AS12:00Dublin
92%
EI3323Aer LingusATR 72-60011:35Dublin
92%
EI209Aer LingusAirbus A320-21416:25Dublin
92%
FR561RyanairBoeing 737-8AS15:15Dublin
92%
EI203Aer LingusAirbus A320-21608:05Dublin
92%
EI3327Aer LingusATR 72-60017:20Dublin
92%
FR1557RyanairBoeing 737-8AS17:35Dublin
92%
FR553RyanairBoeing 737-8AS08:00Dublin
92%
EI213Aer LingusAirbus A320-21421:05Dublin
92%
AF1669Air FranceAirbus A320-21409:25Paris
92%
AF1069Air FranceAirbus A320-21414:40Paris
92%
BE3123FlybeEmbraer ERJ-195LR06:45Paris
92%
BE3127FlybeEmbraer ERJ-195LR13:25Paris
92%
U21927easyJetAirbus A320-21414:15Paris
92%
BE3121FlybeEmbraer ERJ-195LR06:15Paris
92%
BE3131FlybeEmbraer ERJ-175STD16:55Paris
92%
AF1169Air FranceAirbus A320-21419:25Paris
92%
LH2501LufthansaAirbus A320-21110:50Munich
90%
LH2503LufthansaAirbus A319-11418:00Munich
90%
LH2505LufthansaAirbus A319-11407:05Munich
90%
TP1319TAP Air PortugalAirbus A320-21410:25Lisbon
89%
LS791Jet2Boeing 737-85P07:15Rome
89%
FR3204RyanairBoeing 737-8AS07:15Rome
89%
U21895easyJetAirbus A319-11218:50Berlin
88%
FR1145RyanairBoeing 737-8AS12:45Berlin
88%
U21897easyJetAirbus A319-11207:00Berlin
88%
EK22EmiratesAirbus A380-84210:00Dubai
88%
EK20EmiratesAirbus A380-84221:15Dubai
88%
EK18EmiratesAirbus A380-86114:00Dubai
88%
FR2419RyanairBoeing 737-8AS15:45Frankfurt
88%
LH943LufthansaAirbus A320-271N11:20Frankfurt
88%
LH947LufthansaAirbus A319-11418:15Frankfurt
88%
LH949LufthansaAirbus A320-271N06:30Frankfurt
88%
LH939LufthansaAirbus A319-11215:05Frankfurt
88%
LH941LufthansaAirbus A319-11409:20Frankfurt
88%
SK4608SASAirbus A320-251N13:10Oslo
88%
SN2178Brussels AirlinesAirbus A319-11117:45Brussels
87%
SN2184Brussels AirlinesAirbus A320-21406:05Brussels
87%
ET729Ethiopian AirlinesBoeing 787-819:25Brussels
87%
FR3222RyanairBoeing 737-8AS18:30Brussels
87%
FR3238RyanairBoeing 737-8AS07:50Brussels
87%
SN2174Brussels AirlinesAirbus A319-11210:05Brussels
87%
BE291FlybeDe Havilland Canada Dash 8 Q40008:35Edinburgh
87%
BE295FlybeDe Havilland Canada Dash 8 Q40017:05Edinburgh
87%
BE297FlybeDe Havilland Canada Dash 8 Q80020:40Edinburgh
87%
BE293FlybeDe Havilland Canada Dash 8 Q40012:15Edinburgh
87%
FR3187RyanairBoeing 737-8AS10:10Madrid
87%
IB3693Iberia ExpressAirbus A320-21411:45Madrid
87%
BE342FlybeDe Havilland Canada Dash 8 Q40009:05Glasgow
85%
BE346FlybeDe Havilland Canada Dash 8 Q40017:05Glasgow
85%
U22922easyJetAirbus A320-21416:55Milan
85%
BE7353FlybeEmbraer ERJ-195LR11:00Milan
85%
BE7351FlybeEmbraer ERJ-175STD07:30Milan
85%
FR3218RyanairBoeing 737-8AS07:45Milan
85%
SK2548SASAirbus A320-251N09:45Stockholm
85%
SK2550SASAirbus A320-23218:30Stockholm
85%
U21987easyJetAirbus A320-251N18:35Copenhagen
83%
SK1546SASBombardier CRJ-900LR21:45Copenhagen
83%
SK540SASAirbus A321-23210:15Copenhagen
83%
SK542SASAirbus A320-23218:55Copenhagen
83%
FR7276RyanairBoeing 737-8AS06:30Belfast
82%
BE488FlybeDe Havilland Canada Dash 8 Q80020:15Belfast
82%
BE482FlybeDe Havilland Canada Dash 8 Q40015:30Belfast
82%
U2137easyJetAirbus A320-21419:30Belfast
82%
BE470FlybeEmbraer ERJ-175STD07:15Belfast
82%
BE476FlybeDe Havilland Canada Dash 8 Q40011:30Belfast
82%
U2131easyJetAirbus A319-11108:45Belfast
82%
BE472FlybeDe Havilland Canada Dash 8 Q40008:25Belfast
82%
BE484FlybeDe Havilland Canada Dash 8 Q40017:05Belfast
82%
BE486FlybeEmbraer ERJ-175STD18:50Belfast
82%
TK1996Turkish AirlinesAirbus A330-20317:00Istanbul
82%
TK1994Turkish AirlinesBoeing 737-8F210:40Istanbul
82%
U21979easyJetAirbus A319-21106:00Vienna
80%
OS464Austrian AirlinesEmbraer ERJ-195LR13:00Vienna
80%
QR24Qatar AirwaysBoeing 787-821:15Doha
79%
QR22Qatar AirwaysAirbus A350-94108:10Doha
79%
QR26Qatar AirwaysAirbus A350-94115:10Doha
79%
AY1366FinnairEmbraer ERJ-190LR17:50Helsinki
79%
AY1362FinnairAirbus A320-21410:25Helsinki
79%
EY22Etihad AirwaysBoeing 787-920:30Abu Dhabi
76%
EY16Etihad AirwaysBoeing 787-1009:40Abu Dhabi
76%
EI3729Aer LingusATR 72-60020:55Cork
76%
EI3721Aer LingusATR 72-60009:00Cork
76%
FR1175RyanairBoeing 737-8AS16:10Porto
76%
U21989easyJetAirbus A320-251N17:40Porto
76%
TS207Air TransatAirbus A330-24312:20Toronto
75%
LX391Helveltic AirwaysEmbraer ERJ-190LR08:45Zurich
75%
LX381SWISSAirbus A320-21418:45Zurich
75%
BE7211FlybeDe Havilland Canada Dash 8 Q80006:45Dusseldorf
72%
EW9343EurowingsAirbus A319-13215:30Dusseldorf
72%
BE7215FlybeEmbraer ERJ-175STD14:10Dusseldorf
72%
EW9345EurowingsAirbus A319-13219:50Dusseldorf
72%
BE7213FlybeDe Havilland Canada Dash 8 Q40009:45Dusseldorf
72%
EW9341EurowingsAirbus A320-21407:55Dusseldorf
72%
BE7217FlybeEmbraer ERJ-195LR17:35Dusseldorf
72%
FR3208RyanairBoeing 737-8AS19:55Malaga
72%
LS809Jet2Boeing 757-21B08:15Malaga
72%
FR3232RyanairBoeing 737-8AS15:35Malaga
72%
U21923easyJetAirbus A320-21406:10Malaga
72%
LS893Jet2Boeing 737-80416:35Malaga
72%
BE3233FlybeEmbraer ERJ-175STD13:55Lyon
70%
U21841easyJetAirbus A320-21412:30Hamburg
69%
FR3501RyanairBoeing 737-8AS06:40Hamburg
69%
LY302El Al Israel AirlinesBoeing 737-8HX13:30Tel Aviv
69%
MT1866Thomas Cook AirlinesAirbus A321-23106:00Tenerife
68%
U21903easyJetAirbus A320-21417:35Tenerife
68%
FR4332RyanairBoeing 737-8AS14:10Tenerife
68%
BY2202TUIBoeing 767-304(ER)06:55Tenerife
68%
LS917Jet2Airbus A330-24309:15Tenerife
68%
U21801easyJetAirbus A319-11212:50Prague
67%
FR9073RyanairBoeing 737-8AS19:25Alicante
66%
LS881Jet2Boeing 757-21B16:40Alicante
66%
FR4007RyanairBoeing 737-8AS06:30Alicante
66%
U21921easyJetAirbus A319-11119:15Alicante
66%
LS879Jet2Boeing 757-23N07:00Alicante
66%
BY2234TUIAirbus A321-23106:00Alicante
66%
U21917easyJetAirbus A320-21407:15Alicante
66%
LS875Jet2Boeing 757-27B06:45Faro
66%
MT1168Thomas Cook AirlinesAirbus A320-21406:30Faro
66%
U21879easyJetAirbus A320-251N06:20Faro
66%
FR4052RyanairBoeing 737-8AS20:30Faro
66%
FR2626RyanairBoeing 737-8AS06:50Ibiza
66%
LS169Jet2Boeing 757-2K206:45Ibiza
66%
VS181Virgin AtlanticAirbus A330-22313:00Los Angeles
66%
FR3118RyanairBoeing 737-8AS10:50Marseille
66%
U21859easyJetAirbus A319-21113:15Marseille
66%
BE1045FlybeDe Havilland Canada Dash 8 Q80018:55Aberdeen
65%
BE1037FlybeDe Havilland Canada Dash 8 Q40012:20Aberdeen
65%
BE1043FlybeDe Havilland Canada Dash 8 Q40016:40Aberdeen
65%
BE1033FlybeDe Havilland Canada Dash 8 Q40008:30Aberdeen
65%
BE1047FlybeDe Havilland Canada Dash 8 Q80020:45Aberdeen
65%
BE1031FlybeDe Havilland Canada Dash 8 Q40007:10Aberdeen
65%
U21863easyJetAirbus A320-21416:50Venice
64%
FR8358RyanairBoeing 737-8AS08:40Budapest
63%
FR6835RyanairBoeing 737-8AS10:05Naples
63%
MT2752Thomas Cook AirlinesAirbus A330-24311:55Orlando
62%
VS75Virgin AtlanticBoeing 747-41R09:55Orlando
62%
FR9036RyanairBoeing 737-8AS16:25Palma de Mallorca
61%
BY2228TUIBoeing 787-806:10Palma de Mallorca
61%
MT1008Thomas Cook AirlinesAirbus A321-21106:00Palma de Mallorca
61%
FR3441RyanairBoeing 737-8AS09:00Palma de Mallorca
61%
FR3445RyanairBoeing 737-8AS17:15Palma de Mallorca
61%
LS925Jet2Boeing 737-8MG17:25Palma de Mallorca
61%
BY2240TUIBoeing 767-304(ER)07:25Palma de Mallorca
61%
LS831Jet2Airbus A330-24306:30Palma de Mallorca
61%
U21911easyJetAirbus A319-11106:00Palma de Mallorca
61%
U21871easyJetAirbus A319-11112:45Krakow
60%
U21953easyJetAirbus A320-21418:15Geneva
58%
U21949easyJetAirbus A320-251N11:10Geneva
58%
BE811FlybeDe Havilland Canada Dash 8 Q40008:45Isle of Man
57%
BE819FlybeDe Havilland Canada Dash 8 Q40017:20Isle of Man
57%
BE821FlybeDe Havilland Canada Dash 8 Q80020:20Isle of Man
57%
BE817FlybeDe Havilland Canada Dash 8 Q40014:15Isle of Man
57%
BE813FlybeDe Havilland Canada Dash 8 Q40011:25Isle of Man
57%
VS109Virgin AtlanticBoeing 747-44311:05Atlanta
56%
HU7904Hainan AirlinesAirbus A330-34312:15Beijing
56%
U21977easyJetAirbus A320-21417:25Corfu
56%
LS951Jet2Boeing 737-85P15:25Corfu
56%
LS781Jet2Boeing 737-8MG16:30Gran Canaria
54%
FR3803RyanairBoeing 737-8AS06:10Gran Canaria
54%
U21933easyJetAirbus A320-21407:25Sofia
51%
BE862FlybeDe Havilland Canada Dash 8 Q40008:40Southampton
51%
BE874FlybeDe Havilland Canada Dash 8 Q80020:35Southampton
51%
BE870FlybeDe Havilland Canada Dash 8 Q40016:35Southampton
51%
BE872FlybeDe Havilland Canada Dash 8 Q80018:55Southampton
51%
BE866FlybeDe Havilland Canada Dash 8 Q40012:15Southampton
51%
MT354Thomas Cook AirlinesAirbus A321-23118:15Antalya
50%
MT126Thomas Cook AirlinesAirbus A321-23115:10Antalya
50%
LS895Jet2Boeing 757-27B15:15Antalya
50%
BY512TUIBoeing 767-304(ER)15:25Antalya
50%
U21877easyJetAirbus A320-251N13:50Bilbao
50%
LS907Jet2Boeing 737-8K516:20Heraklion
50%
LS911Jet2Boeing 737-8MG06:15Heraklion
50%
MT1674Thomas Cook AirlinesAirbus A321-21114:35Heraklion
50%
BY2242TUIBoeing 787-814:15Heraklion
50%
U21939easyJetAirbus A320-21413:45Heraklion
50%
BY268Olympus AirwaysAirbus A321-23114:30Izmir
50%
MT614Thomas Cook AirlinesAirbus A321-21107:45Izmir
50%
MT1448Thomas Cook AirlinesAirbus A321-21115:25Rhodes
50%
BY2278TUIBoeing 767-304(ER)18:45Rhodes
50%
LS819Jet2Boeing 737-8MG15:55Rhodes
50%
LM592LoganairEmbraer ERJ-145EP08:40Inverness
49%
LM596LoganairEmbraer ERJ-145EP16:25Inverness
49%
LM598LoganairSaab 200020:15Inverness
49%
FR2131RyanairBoeing 737-8AS05:55Lanzarote
49%
LS891Jet2Boeing 737-8MG15:15Lanzarote
49%
BY2250TUIBoeing 737-8K517:15Lanzarote
49%
FR4096RyanairBoeing 737-8AS06:20Riga
49%
LS961Jet2Boeing 757-23A08:05Dubrovnik
47%
SQ52Singapore AirlinesAirbus A350-94110:40Houston
47%
MT2624Thomas Cook AirlinesAirbus A330-24311:55San Francisco
47%
LS915Jet2Boeing 737-8K508:15Split
47%
U21967easyJetAirbus A320-21406:05Split
47%
BY168TUIBoeing 787-810:30Cancun
45%
MT2630Thomas Cook AirlinesAirbus A330-24309:35Cancun
45%
BE453FlybeEmbraer ERJ-175STD11:00Jersey
44%
AA735American AirlinesBoeing 767-323(ER)10:50Philadelphia
44%
U21811easyJetAirbus A319-21118:45Basel
43%
SV124SaudiaBoeing 787-916:15Jeddah
43%
LS743Jet2Boeing 757-2K214:30Kos
41%
MT1614Thomas Cook AirlinesAirbus A321-21117:30Kos
41%
BY2258TUIBoeing 757-2G517:20Kos
41%
WY106Oman AirBoeing 787-920:45Muscat
40%
LS903Jet2Boeing 737-8MG07:00Thessaloniki
39%
MT1112Thomas Cook AirlinesAirbus A321-21105:35Zakynthos
38%
BY2268TUIBoeing 737-8K507:10Zakynthos
38%
MT680Thomas Cook AirlinesAirbus A321-21106:30Bodrum
37%
LS983Jet2Boeing 757-23N16:05Bodrum
37%
MT230Thomas Cook AirlinesAirbus A321-21107:00Dalaman
37%
BY232TUIBoeing 737-8K518:30Dalaman
37%
U21943easyJetAirbus A320-21407:00Dalaman
37%
MT132Thomas Cook AirlinesAirbus A320-21414:45Dalaman
37%
MT980Thomas Cook AirlinesAirbus A321-21117:25Dalaman
37%
BY2246TUIBoeing 737-8K515:50Fuerteventura
37%
FR3805RyanairBoeing 737-8AS14:30Fuerteventura
37%
PK702PIABoeing 777-240(LR)19:00Islamabad
37%
MT2924Thomas Cook AirlinesAirbus A330-24309:15Las Vegas
37%
BE3443FlybeEmbraer ERJ-175STD18:40Nantes
36%
U21847easyJetAirbus A320-251N07:30Pisa
36%
MT1158Thomas Cook AirlinesAirbus A321-21114:40Santorini
34%
BY2254TUIBoeing 757-23614:25Santorini
34%
BY2204TUIBoeing 737-81Q07:35Chania
32%
LS963Jet2Boeing 737-8MG17:15Chania
32%
FR2821RyanairBoeing 737-8AS13:55Chania
32%
FR2800RyanairBoeing 737-8AS13:35Billund
31%
BA8248Sun-AirDornier 328-310 JET18:15Billund
31%
BA8246Sun-AirDornier 328-310 JET08:55Billund
31%
U21935easyJetAirbus A320-21413:40Genoa
31%
LM585LoganairEmbraer ERJ-145EU12:55Londonderry
31%
BE353FlybeEmbraer ERJ-175STD10:15Newquay
30%
BE355FlybeEmbraer ERJ-175STD13:50Newquay
30%
GR679Aurigny Air ServicesATR 72-50019:20Guernsey
29%
GR671Aurigny Air ServicesATR 72-50011:50Guernsey
29%
BY2270TUIBoeing 757-23606:40Reus
27%
LS929Jet2Boeing 737-8MG09:10Reus
27%
MT1056Thomas Cook AirlinesAirbus A321-23106:25Reus
27%
FR1266RyanairBoeing 737-8AS15:55Agadir
26%
BY788TUIBoeing 757-23613:50Hurghada
26%
MT486Thomas Cook AirlinesAirbus A321-23113:55Hurghada
26%
LS793Jet2Boeing 737-8MG07:45Pula
26%
BY2206TUIBoeing 737-8K506:00Pula
26%
MT1546Thomas Cook AirlinesAirbus A321-21105:15Varna
26%
BE372FlybeDe Havilland Canada Dash 8 Q40008:35Exeter
25%
BE376FlybeDe Havilland Canada Dash 8 Q40017:10Exeter
25%
BE378FlybeDe Havilland Canada Dash 8 Q80020:40Exeter
25%
LS901Jet2Boeing 737-80408:15Almeria
24%
BY2220TUIBoeing 737-8K506:00Girona
24%
FR3212RyanairBoeing 737-8AS08:35Girona
24%
FR9501RyanairBoeing 737-8AS17:40Zadar
24%
BY2230TUIBoeing 737-8K508:15Kefalonia
23%
MT1192Thomas Cook AirlinesAirbus A320-209:10Kefalonia
23%
U21991easyJetAirbus A320-21405:15Kefalonia
23%
BY2262TUIBoeing 737-8K514:00Kefalonia
23%
U21919easyJetAirbus A320-251N15:55Olbia
23%
BY196TUIBoeing 787-910:30Montego Bay
21%
KM147Air MaltaAirbus A320-21410:55Luqa
20%
U21997easyJetAirbus A320-251N06:15Luqa
20%
BY2200TUIBoeing 757-23607:30Skiathos
20%
LM572LoganairEmbraer ERJ-135ER08:35Norwich
17%
LM578LoganairEmbraer ERJ-135ER18:55Norwich
17%
VS77Virgin AtlanticAirbus A330-22314:10Bridgetown
16%
LS759Jet2Boeing 737-8MG08:30Mahon
15%
BE663FlybeDe Havilland Canada Dash 8 Q40011:25Knock
14%
U21973easyJetAirbus A320-21414:45Pafos
11%
LS937Jet2Boeing 737-86N15:15Pafos
11%
MT818Thomas Cook AirlinesAirbus A321-23105:55Enfidha
10%
FR1279RyanairBoeing 737-8AS09:30Treviso
8%
BA8235British AirwaysDornier 328-300 JET07:30Cambridge
7%
FR3242RyanairBoeing 737-8AS13:20Beziers
5%
FR38RyanairBoeing 737-8AS12:20Limoges
5%

Score Distribution

Percentile by Number Answered

Percent of People with Each Score

Your Score History

You have not taken this quiz